Statistics for WWE Women's Finishers: Hard Mode #4

Click here to take the quiz!

General Stats

  • This quiz has been taken 28 times
    (26 since last reset)
  • The average score is 22 of 30

Answer Stats

FinisherWrestler% Correct
Rose PlantBayley
95%
Manhandle SlamBecky Lynch
95%
OblivionLiv Morgan
95%
StratusfactionTrish Stratus
95%
KOD (Kiss of Death)Bianca Belair
90%
RiptideRhea Ripley
90%
Glam SlamBeth Phoenix
86%
Figure 8 Leg LockCharlotte Flair
86%
Sharpshooter (Submission)Natalya
86%
Bank Statement (Submission)Sasha Banks
86%
Black Widow (Submission)AJ Lee
81%
Insane ElbowKairi Sane
81%
Twist of FateLita
81%
Superfly Splash (Daughter of Jimmy Snuka)Tamina
81%
KairopractorDakota Kai
76%
EclipseEmber Moon
76%
The Rear ViewNaomi
76%
Kirifuda ClutchShayna Baszler
76%
Keibler KickStacy Keibler
76%
Prettiest Moonsault EverTiffany Stratton
76%
The Woman's RightLacey Evans
71%
Armbar (Submission)Ronda Rousey
67%
Tejana BombRaquel Rodriguez
62%
Pop RocksRoxanne Perez
62%
French KissMaryse
57%
Code of SilenceCarmella
48%
Eat DefeatMia Yim / Gail Kim
48%
Pedigree (Not Triple H)Chyna
33%
Faith BreakerMichelle McCool
29%
K360 (It is like a spin GTS)Zoey Stark
29%

Score Distribution

Percentile by Number Answered

Percent of People with Each Score

Your Score History

You have not taken this quiz since the last reset